| 000 | 00893nam a22003137a 4500 | ||
|---|---|---|---|
| 001 | BR9510573 | ||
| 003 | BR-BrBNA | ||
| 005 | 20230928094827.0 | ||
| 007 | ta | ||
| 008 | 230509b bl.||||| |||| 00| 0 por d | ||
| 040 |
_aBR-BrBNA _bpor _cBiblioteca Nacional de Agricultura |
||
| 041 | _a(Por) | ||
| 072 |
_aF50; F70 _b1954 |
||
| 090 | _ 1954 BR9510573 | ||
| 100 | 1 | _aCosta, N.M. de S. | |
| 100 | 1 | _aFerreira, M.B. | |
| 110 | 1 | _aEmpresa de Pesquisa Agropecuaria de Minas Gerais, Belo Horizonte (Brasil) | |
| 245 | 1 | _aO genero Stylosanthes no estado de Minas Gerais | |
| 260 | 3 |
_aBelo Horizonte, MG (Brasil): _c1977. |
|
| 300 | _a42 p. | ||
| 500 | _a6 ref.; Summary (Por) | ||
| 650 | _aStilosante | ||
| 650 | _aVariedade | ||
| 650 | _aDistribuicao Geografica | ||
| 650 | _aAnatomia Vegetal | ||
| 650 | _aMinas Gerais | ||
| 909 |
_a202309 _bLucia _c55 _dLucia Elande |
||
| 942 | _cBK | ||
| 999 |
_c52870 _d52870 |
||